| 000 | 00695nam a2200217 a 4500 | ||
|---|---|---|---|
| 001 | 000035022 | ||
| 005 | 20240412074257.0 | ||
| 008 | 111024s2011 dr 000 p spa d | ||
| 020 | _a9789945038040 | ||
| 040 |
_aDO-SdBNP _bspa _cBNPHU |
||
| 082 |
_aRD861.5 _bS237s |
||
| 100 | 1 |
_aSantos, Juan _d1983- _943559 |
|
| 245 | 1 | 0 |
_aSueño desnudo / _cJuan de Jesús Santos Santos. |
| 260 |
_aSanto Domingo : _bAmigo del Hogar, _c2011. |
||
| 300 | _a84 p. | ||
| 500 | _aIncluye datos biográficos del autor en la solapa de la cubierta | ||
| 590 | _aInventariado, 2019 / DG | ||
| 650 | 0 |
_aPoesía dominicana _966 |
|
| 650 | 0 |
_aLiteratura dominicana. _967 |
|
| 910 | _aValidado. Control de calidad MFF | ||
| 999 |
_c34513 _d34513 |
||